Статистический расчет изотопных эффектов при ионном обмене на гранулированных ионитах

Dettagli Bibliografici
Autore principale: Ларионов В. В. Виталий Васильевич
Ente Autore: Томский политехнический институт (ТПИ)
Riassunto:Деп. в ВИНИТИ 05.07.77, № 2720-77
В фонде НТБ ТПУ отсутствует
Lingua:russo
Pubblicazione: Томск, 1977
Soggetti:
Natura: MixedMaterials Libro
KOHA link:https://koha.lib.tpu.ru/cgi-bin/koha/opac-detail.pl?biblionumber=598714

MARC

LEADER 00000nam0a2200000 4500
001 598714
005 20231218131940.0
029 0 0 |a RU  |b 2720-77  |f ВИНИТИ 
035 |a (RuTPU)RU\TPU\tpu\22493 
035 |a RU\TPU\tpu\22492 
090 |a 598714 
100 |a 20130122j19770705k y0rusy50 ca 
101 0 |a rus 
102 |a RU 
105 |a y z 000zy 
200 1 |a Статистический расчет изотопных эффектов при ионном обмене на гранулированных ионитах  |f В. В. Ларионов  |g Томский политехнический институт (ТПИ) 
210 |a Томск  |d 1977 
215 |a 9 с.  |c ил. 
300 |a Деп. в ВИНИТИ 05.07.77, № 2720-77 
320 |a Библиогр.: 10 назв. 
333 |a В фонде НТБ ТПУ отсутствует 
610 1 |a труды учёных ТПУ 
610 1 |a депонированные рукописи 
700 1 |a Ларионов  |b В. В.  |c физик  |c профессор Томского политехнического университета, доктор педагогических наук  |f 1945-  |g Виталий Васильевич  |3 (RuTPU)RU\TPU\pers\25193  |9 11273 
712 0 2 |a Томский политехнический институт (ТПИ)  |c (1944-1991)  |3 (RuTPU)RU\TPU\col\1123 
801 1 |a RU  |b 63413507  |c 20120220 
801 2 |a RU  |b 63413507  |c 20130122  |g RCR 
942 |c BK